00615nam a22001572 4500001001100000005001700011008004100028040001500069245022100084250001300305260005600318300001200374650004000386700002800426852000300454000001319520151217152123.0090621s xx 000 0 eng d aKABUcKABU10aPost harvest innovation partnerships, learning and institutional change :bproceedind of a consultation on post-harvest innovation 15-16 April 2003 Timber Trail Resorts-Himachal Pradesh, India /cedited by Andy Hall. a1st ed. aHimichal Pradesh :bPost-Harvest Innovation,c2003. a146 p. 0aPostharvest technology.@00001703491 aHall, Andy.@00001703501